[Event "Sundsvall op"]
[Site "Sundsvall"]
[Date "2020.01.05"]
[Round "6"]
[White "Akesson, Ralf"]
[Black "Ernst, Thomas"]
[Result "0-1"]
[WhiteElo "2379"]
[BlackElo "2302"]
[PlyCount "64"]
[EventDate "2020.01.04"]
[EventType "swiss"]
[EventRounds "8"]
[EventCountry "SWE"]
[SourceTitle "CBM 194 Extra"]
[Source "ChessBase"]
[SourceDate "2020.03.31"]
[SourceVersion "1"]
[SourceVersionDate "2020.03.31"]
[SourceQuality "1"]

1. d4 Nf6 2. c4 g6 3. g3 Bg7 4. Bg2 0-0 5. Nc3 d6 6. Nf3 c5 7. dxc5 dxc5 8. Qxd8 Rxd8 9. Be3 Nc6 10. Bxc5 Nd7 11. Ba3 Nb6 12. Nd5 Nxc4 13. Nxe7+ Nxe7 14. Bxe7 Re8 15. Bg5 Nxb2 16. 0-0 Rxe2 17. Rac1 Be6 18. Rc7 Bxa2 19. Rxb7 a5 20. Rc7 Rae8 21. Ra7 a4 22. Be3 Nc4 23. Bd4 Bb3 24. Bxg7 Kxg7 25. h4 Nd2 26. Nxd2 Rxd2 27. Bf3 Rc8 28. Be4 Ra2 29. Bb1 Ra1 30. Rb7 Rc3 31. Be4 Rxf1+ 32. Kxf1 a3 0-1